000
00246nam a2200097Ia 4500
001
815799
005
20250826171703.0
008
250824s9999 xx 000 0 und d
245
0
_a
DENİZ KURDU
_c
TUNCEL ALTINKÖPRÜ
260
_b
GENÇ HAYAT YAYINLARI
999
_c
815799
_d
815799